Регионална библиотека "Любен Каравелов" - Русе

[Сто двадесет и пет] 125 години ВВМУ "Н. Й. Вапцаров" (Запис номер 79023)

MARC детайли
000 -Лидер
Контролно поле с фиксирана дължина nam a22 a 4500
003 - Код на организацията, давaща контролен номер
Контролно поле BLK
005 - Дата и час на последна редакция
Контролно поле 20220209115720.0
008 - Елементи от данни с фиксирана дължина
fixed length control field 180408b bul|||||r ||||||| ||bul||
010 ## - Наследен системен номер
LC control number KNG00083495000
020 ## - Международен стандартен номер на книга ISBN
Международен стандартен номер на книга ISBN 954-91545-3-Х
040 ## - Източник на каталожния запис
Идентификатор на билиотеката - собственик на записа BLK
041 ## - Код за език
Код за езика на текст/звукозапис или на отделно заглавие Български
Код за езика КДБФ Български
Други езици Английски
072 #7 - Код за тематичната категория
Код организация bullib
Код за тематична категория К
Текст Краезнание
080 ## - УДК
Текстов определител УДК Военни образователни заведения. Военни училища. Военни академии
УДК код - определител по УДК 355.23
УДК определител (497.211)(091)
УДК - код + определител 355.23(497.211)(091)
080 ## - УДК
Текстов определител УДК Висше военноморско училище
УДК код - определител по УДК 378.935.9
УДК определител (091)
УДК - код + определител 378.935.9(091)
100 1# - Редна дума - Автор
Автор Калинков, Борис Савов
Авторска отговорност първи автор
R(LIN) 298572
139 ## - Редно поле
Редна дума Калинков, Борис Савов
Авторски знак Кал - К 16
245 10 - Сведения за заглавието
Заглавие [Сто двадесет и пет] 125 години ВВМУ "Н. Й. Вапцаров"
Подзаглавни данни Векове ; Пощи ; Традиции
Редно поле (дума) Борис Савов Калинков.
246 11 - Различни форми на заглавието
Паралелно заглавие 25 years N. Y. Vaptsarov noval academy : Centuries ; Posts ; Traditions
257 ## - Страна на издаване
Страна на създаване/издаване България
260 ## - Област на издателските данни
Име на издателя, разпространителя и проч. Фил
Година на издаване 2005
Печатница В. Търново : Абагар
Място на издаване, разпространение и проч. Варна
300 ## - Физическа характеристика
Страници 136 с.
Илюстрации и др. с ил., сн.
Размери/Мащаб 29 см
380 ## - Жанр
Жанр Обществени науки
650 #4 - Допълнително описание по предмет – тема
Основно описание – тема или топоним Висши училища, военноморски - Варна
9 (RLIN) 294857
651 #4 - Допълнително описание по предмет - топоним
Географско понятие Варна
9 (RLIN) 178690
653 ## - Ключова дума – ненормативна
Ключова дума военноморски училища
653 ## - Ключова дума – ненормативна
Ключова дума история
659 ## - Тематичен бюлетин
Тематичен бюлетин К
852 ## - Местоположение
Форматна сигнатура Цб ІІ 15222
Фондова буква Хранилище
852 ## - Местоположение
Форматна сигнатура К 355/359/К 16
Фондова буква Хранилище
856 4# - Електронен адрес и достъп
Електронен формат pdf - файл
856 4# - Електронен адрес и достъп
Електронен формат pdf - файл
999 ## - СИСТЕМНИ КОНТРОЛНИ НОМЕРА
Koha biblionumber 79023
Koha biblioitemnumber 79023
942 ## - АРТИКУЛИ
Вид на библиотечния материал Книги
Скрит в OPAC Не
Koha issues (borrowed), all copies 1
Периодичен библиозапис Да
944 ## - СЪЗДАВАНЕ И РЕДАКЦИЯ на ЗАПИСА
Създаване/Редакция Създаване
Дата на регистрацията/редакция 23.04.2008
Служител, извършил регистрацията/редакцията Геновева_Генчева
944 ## - СЪЗДАВАНЕ И РЕДАКЦИЯ на ЗАПИСА
Създаване/Редакция Редакция
Дата на регистрацията/редакция 20.02.2015
Служител, извършил регистрацията/редакцията Валя_Йорданова
999 ## - СИСТЕМНИ КОНТРОЛНИ НОМЕРА
Koha biblioitemnumber 79023
999 ## - СИСТЕМНИ КОНТРОЛНИ НОМЕРА
Koha biblioitemnumber 79023
Наличности
Код за отписване Код за изгубен артикул Източник на класификационната схема Код за повреда Коз за рестрикции Код за отдаване Артикулен № Име на библиотеката - собственик Име на библиотеката, в която се намира в момента Статус (Текущо местоположение) Дата на вписване в системата Местоположение - отдел Цена в лева Инвентарен номер Систематично азбучна сигнатура Баркод Номер на екземпляра Цена в евро Служебна бележка Служебен тип на артикула
  Не е изгубен Universal Decimal Classification Не е повреден без рестрикции ползва се в читалня 127820 Регионална библиотека "Любен Каравелов" Русе Регионална библиотека "Любен Каравелов" Русе Краезнание 2008-04-22 Краезнание 15.00 120000725959 К 355/359/К 16 120000725959 1 7.67 Дост: DA Вид: А N: 7 Дата: 22.04.2008 Дата инв: 09.11.2017 Бележки инв: К2017 Книги
  Не е изгубен   Не е повреден без рестрикции заемане за дома 127821 Регионална библиотека "Любен Каравелов" Русе Регионална библиотека "Любен Каравелов" Русе Заемна - подръчен фонд 2008-04-22 Заемна - подръчен фонд 15.00 120000725960 П 355/К 16 120000725960 2 7.67 Дост: DA Вид: А N: 7 Дата: 22.04.2008 Дата инв: 06.02.2018 Бележки инв: П2018 Книги
  Не е изгубен Universal Decimal Classification Не е повреден само за читалня ползва се в читалня 127822 Регионална библиотека "Любен Каравелов" Русе Регионална библиотека "Любен Каравелов" Русе Хранилище 2008-05-27 Хранилище 15.00 120000726693 Цб ІІ 15222 120000726693 3 7.67 Дост: Dp Вид: Д N: 15 Дата: 12.03.2008 Книги
Vip Innovations Ltd, Rousse, Bulgaria 2025